00346nam a2200121Ia 4500008004100000041001200041082002000053100001900073245006200092260003400154300001000188650002600198231221s9999 xx 000 0 und d aEnglish a372.6 GEE;1 R aGeetha Nagaraj 0aEnglish language teaching : approaches methods techniques c1996bOrient LongmanaKolkata av+232 ateaching,:,techniques